| 000 | 00465cam a2200169ua 4500 | ||
|---|---|---|---|
| 003 | OSt | ||
| 008 | 250610b |||||||| |||| 00| 0 eng d | ||
| 041 | _aeng | ||
| 082 |
_a624.1821 _bBAK/ST |
||
| 100 |
_aBaker, J.F . _97570 |
||
| 245 | _aSteel skeleton Vol.3,: Plastic behaviour and design / | ||
| 260 |
_aCambridge : _bCambridge University Press , _c1961. |
||
| 300 | _a408 ; . | ||
| 700 | 1 |
_aHeyman, J . _97571 |
|
| 700 | 1 |
_aHorne, M.K . _97572 |
|
| 942 | _cBK | ||
| 999 |
_c10220 _d10220 |
||